TOP 10 piosenek - Kartky - Statystyki

Ogólne statystyki
  • Ten quiz został rozwiązany 138 razy
  • Średni wynik to 4 z 10
Statystyki odpowiedzi
# views utwór % Poprawnych
2 36 mln Outside
87%
1 45 mln koszmar minionego lata
86%
6 12 mln ciri
44%
4 15 mln niemanieba
41%
7 11 mln Laura Palmer
37%
8 11 mln Dziewczyna Szamana
33%
9 11 mln detroit
23%
3 25 mln Dziewczyna ze snu
4%
10 8,8 mln No make up
4%
5 14 mln Podobasz Mi Się
1%
Nie znaleziono quizów pasujących do podanych kryteriów
Rozkład punktacji
Procent ludzi z każdym wynikiem
Percentyl według liczby udzielonych odpowiedzi
Twoja historia wyników
Nie rozwiązałeś tego quizu